Gaming Quiz

Random Gaming or Board Games Quiz

'T' Board Games (vol 2) Quiz Stats

 Plays Quiz not verified by Sporcle

Score 0/7 Timer 01:30
2 Plays Today
% Correct
Transformers
93.8%
Tsuro of the Seas
92.5%
Take the Galaxy
91.3%
Through the Desert
90.4%
Taj Mahal
89.7%
Ta Yü
72%
TEG
66.7%

You're not logged in!

Compare scores with friends on all Sporcle quizzes.
OR
Log In

Show Comments

Extras

Top Quizzes Today


Score Distribution

Your Account Isn't Verified!

In order to create a playlist on Sporcle, you need to verify the email address you used during registration. Go to your Sporcle Settings to finish the process.

Report this User

Report this user for behavior that violates our Community Guidelines.

Details: